| 000 | 00364nam a2200133 4500 | ||
|---|---|---|---|
| 999 |
_c508116 _d508116 |
||
| 008 | 190312b ||||| |||| 00| 0 eng d | ||
| 100 |
_aMishra, Meena _93197 |
||
| 245 | _aBhaarat mein paryaavaran- sanrakshan evan niyaamak sankhy ki bhumik | ||
| 260 | _c2018 | ||
| 300 | _ap.283-289. | ||
| 773 | _aLok Prashasan | ||
| 906 | _aEnvironment -- India | ||
| 942 | _cAR | ||